| 000 | 02656nam0a2200433 4500 | ||
|---|---|---|---|
| 001 | RU\NLR\BIBL_A\012172384 | ||
| 005 | 20260407115717.0 | ||
| 035 | _a(NLR Aleph) 012172384 | ||
| 090 |
_a12247247 _c12247247 |
||
| 100 | _a20191225d1898 |||y0rusy50 ca | ||
| 101 | 0 | _arus | |
| 102 | _aRU | ||
| 105 | _ay z 000zy | ||
| 200 | 1 |
_aОб отпуске сумм на содержание Килийской церкви _eпредставление по сему делу разослано Членам Государственного Совета, в печатных экземплярах _fГосударственный Совет в Департаменте Государственной Экономии, Министерство Финансов. 5 ноября 1898 года. № 354 |
|
| 210 |
_a[C.-Петербург _cб. и.] _d1898 |
||
| 215 |
_a1 с. _d33 |
||
| 300 | _aВ конце текста: Подписали: Д. Сольский, М. Каханов, В. Маркус [и др.]; Скрепил: Статс-Секретарь Г. Шамшин | ||
| 300 | _aНа с. 1: CMLVII, 4 | ||
| 309 | _aБез тит. л и обл. | ||
| 601 | 0 | 2 |
_aУспенская церковь _cКилия, город; Украина _jДокументы и материалы _92445277 _3RU\NLR\AUTH\6601672080 |
| 686 | 0 | _aЭ372.24-655,11 | |
| 686 | 0 | _aЭ372.24-617,11 | |
| 702 | 1 |
_4720 _8rus _7ca _aСольский _bД. М. _cгос. деятель _f1833-1910 _gДмитрий Мартынович _3RU\NLR\AUTH\7783181 _966109 |
|
| 702 | 1 |
_4720 _7ca _8rus _aКаханов _bМ. С. _f1833-1900 _gМихаил Семёнович _9197457 _3RU\NLR\AUTH\770197508 |
|
| 702 | 1 |
_4720 _7ca _8rus _aМаркус _bВ. М. _f1826-1901 _gВладимир Михайлович _9197462 _3RU\NLR\AUTH\770197513 |
|
| 702 | 1 |
_4720 _aШамшин _bГ. И. _cгос. деятель _f1853-1918 _gГригорий Иванович _9197513 _3RU\NLR\AUTH\770197564 |
|
| 711 | 0 | 2 |
_aУспенская церковь _cКилия _9701015 _3RU\NLR\AUTH\880520116 |
| 712 | 0 | 1 |
_4570 _aРоссия _bГосударственный совет _3RU\NLR\AUTH\889948587 _9392796 |
| 712 | 0 | 1 |
_4570 _aРоссия _bМинистерство финансов _3RU\NLR\AUTH\889947360 _9390360 |
| 712 | 0 | 1 |
_4570 _aРоссия _bДепартамент государственной экономии _3RU\NLR\AUTH\889933514 _9362122 |
| 852 |
_aNLR _j135/294-330(71) |
||
| 942 | _cBOOK | ||
| 980 | _aNB | ||